<?xml version="1.0" encoding="UTF-8"?>
<record
    xmlns:xsi="http://www.w3.org/2001/XMLSchema-instance"
    xsi:schemaLocation="http://www.loc.gov/MARC21/slim http://www.loc.gov/standards/marcxml/schema/MARC21slim.xsd"
    xmlns="http://www.loc.gov/MARC21/slim">

  <leader>01324nab a22002417a 4500</leader>
  <datafield tag="999" ind1=" " ind2=" ">
    <subfield code="c">5598</subfield>
    <subfield code="d">5598</subfield>
  </datafield>
  <controlfield tag="003">OSt</controlfield>
  <controlfield tag="005">20251222085549.0</controlfield>
  <controlfield tag="008">190429b        xxu||||| |||| 00| 0 spa d</controlfield>
  <datafield tag="040" ind1=" " ind2=" ">
    <subfield code="c">PJ</subfield>
  </datafield>
  <datafield tag="100" ind1=" " ind2=" ">
    <subfield code="9">6557</subfield>
    <subfield code="a">Carram, Mois&#xE9;s Naim</subfield>
  </datafield>
  <datafield tag="245" ind1="1" ind2="3">
    <subfield code="a">La suplantaci&#xF3;n, ataque o robo de identidad digital /</subfield>
    <subfield code="c">Mois&#xE9;s Naim Carram.</subfield>
  </datafield>
  <datafield tag="260" ind1=" " ind2=" ">
    <subfield code="c">Ciudad Aut&#xF3;noma de Buenos Aires :</subfield>
    <subfield code="a">Thomson Reuters La Ley, </subfield>
    <subfield code="b">2025.</subfield>
  </datafield>
  <datafield tag="300" ind1=" " ind2=" ">
    <subfield code="a">p. 131-147</subfield>
  </datafield>
  <datafield tag="500" ind1=" " ind2=" ">
    <subfield code="a">Cita: AR/DOC/1338/2025.</subfield>
  </datafield>
  <datafield tag="505" ind1=" " ind2=" ">
    <subfield code="a">Sumario: I. Introducci&#xF3;n.&#x2014; II. La importancia de la suplantaci&#xF3;n de identidad en la actualidad.&#x2014; III. Naturaleza jur&#xED;dica. Definiciones. Caracter&#xED;sticas particulares.&#x2014; IV. T&#xE9;cnicas de apropiaci&#xF3;n de informaci&#xF3;n para suplantar la identidad.&#x2014; V. Modalidades de manifestaci&#xF3;n de la suplantaci&#xF3;n de identidad.&#x2014; VI. La identidad como objeto de ataque de la suplantaci&#xF3;n de identidad.</subfield>
  </datafield>
  <datafield tag="505" ind1=" " ind2=" ">
    <subfield code="t">Si te interesa el texto completo, solicitalo a koha@justierradelfuego.gov.ar </subfield>
  </datafield>
  <datafield tag="650" ind1=" " ind2="0">
    <subfield code="9">343</subfield>
    <subfield code="a">DERECHO PENAL</subfield>
  </datafield>
  <datafield tag="650" ind1=" " ind2="0">
    <subfield code="9">278</subfield>
    <subfield code="a">DELITOS INFORMATICOS</subfield>
  </datafield>
  <datafield tag="650" ind1=" " ind2="0">
    <subfield code="9">2345</subfield>
    <subfield code="a">DERECHO A LA IDENTIDAD</subfield>
  </datafield>
  <datafield tag="650" ind1=" " ind2="0">
    <subfield code="9">765</subfield>
    <subfield code="a">DERECHOS PERSONAL&#xCD;SIMOS</subfield>
  </datafield>
  <datafield tag="773" ind1="0" ind2=" ">
    <subfield code="0">2658</subfield>
    <subfield code="9">3164</subfield>
    <subfield code="t">Revista de derecho penal y criminolog&#xED;a. N&#xBA; 6 - Julio 2025</subfield>
    <subfield code="d">Ciudad Aut&#xF3;noma de Buenos Aires : Thomson Reuters La Ley, 2017-</subfield>
    <subfield code="x">00347914</subfield>
  </datafield>
  <datafield tag="942" ind1=" " ind2=" ">
    <subfield code="2">udc</subfield>
    <subfield code="c">ANA</subfield>
  </datafield>
</record>
